| 000 | 00411nam a22001697a 4500 | ||
|---|---|---|---|
| 005 | 20160430120857.0 | ||
| 008 | 160430b xxu||||| |||| 00| 0 eng d | ||
| 020 | _a81-8538631-5 | ||
| 041 | _aeng | ||
| 082 | _b1062 | ||
| 100 |
_aJohn A. Pearce II Robinson, Jr. B. Richard _9338 |
||
| 245 | _aStrategic Management | ||
| 260 |
_aDelhi _bAITB. _c2003 |
||
| 300 | _a987 | ||
| 650 |
_aManagement _9241 |
||
| 942 | _cBK | ||
| 999 |
_c391 _d391 |
||